000 00619nam a2200181Ia 4500
008 151018s9999 xx 000 0 und d
082 _bRBASDV61207
_a920
100 _aजी पी माळी
245 _aपारधी लोक संस्कृती
250 _b1
260 _bआलोक प्रकाशन कोल्हापूर
_c2012
300 _a127
600 _aजी पी माळी
630 _aपारधी लोक संस्कृती
700 _aजी पी माळी
730 _aपारधी लोक संस्कृती
942 _cBOOK
999 _c1054695
_d1054692